| 000 | 00550nam a22001937a 4500 | ||
|---|---|---|---|
| 003 | OSt | ||
| 005 | 20240907102900.0 | ||
| 008 | 160722b xxu||||| |||| 00| 0 eng d | ||
| 020 | _a9780194420969 | ||
| 040 | _c0 | ||
| 082 | _a428.24 SWA 2005 | ||
| 100 |
_aMichael Swan _913352 |
||
| 245 |
_aPrictical English Usage _bNew International Student's Edition _cMichael Swan |
||
| 250 | _aNew International Student's Edition | ||
| 260 |
_aUK _bOxford _c2005 |
||
| 300 |
_a653 p. _bPB |
||
| 440 |
_aPrictical English Usage _9125698 |
||
| 942 |
_2ddc _cCSS |
||
| 999 |
_c351495 _d351495 |
||